| 000 | 00684nam a22002057a 4500 | ||
|---|---|---|---|
| 005 | 20231201143346.0 | ||
| 010 | _aENG-138535 | ||
| 020 |
_c349.00 _a9789394406209 |
||
| 035 | _aEN-122067 | ||
| 037 | _bDBAD/PUB | ||
| 082 | _a540 | ||
| 100 |
_aVerma, Dr. N.K _959321 |
||
| 245 |
_aCuet: _bCommon University Entrance Test Chemistry/ _cby Dr. N.K. Verma , S.K. Khana {and} Dr. B.Kapila |
||
| 260 |
_a Daryaganj _bLaxmi Publications _c2022 |
||
| 270 |
_b New Delhi _a113,Golden House, Gurudwara Road, _e110002 _k91-11-43532500 |
||
| 300 |
_a 257 ,M1- 27p. _c27cm(pbk) |
||
| 700 |
_aKhana, S.K _959319 |
||
| 700 |
_aKapila, Dr.B _959322 |
||
| 942 |
_2ddc _cEN _h540 _mVER |
||
| 999 |
_c199380 _d199380 |
||